[Event "Scarborough Foundation 47th"]
[Site "Scarborough"]
[Date "2024.10.26"]
[Round "2.3"]
[White "Fletcher, Martin G"]
[Black "Ronald, Ken"]
[Result "0-1"]
[WhiteElo "1417"]
[BlackElo "1525"]
[PlyCount "72"]
[EventDate "2024.10.25"]
[EventType "swiss"]
[EventRounds "5"]
[EventCountry "ENG"]
[SourceTitle "BritBase"]
[Source "John Saunders"]
[SourceDate "2025.02.10"]
[SourceVersion "1"]
[SourceVersionDate "2025.02.10"]
[SourceQuality "1"]

1. e4 e5 2. Nf3 Nc6 3. Bc4 Bc5 4. O-O Nf6 5. c3 d5 6. exd5 Nxd5 7. d4 exd4 8. Nxd4 Nxd4 9. cxd4 Bb6 10. Qf3 Be6 11. Nc3 c6 12. Nxd5 Bxd5 13. Re1+ Kf8 14. Bxd5 Qxd5 15. Qxd5 cxd5 16. Re5 Rd8 17. Bd2 Bxd4 18. Bb4+ Kg8 19. Re2 Bb6 20. Rae1 g6 21. Re8+ Rxe8 22. Rxe8+ Kg7 23. Bf8+ Rxf8 24. Re7 Rc8 25. g3 Rc7 26. Re2 f5 27. Kg2 Kf6 28. Kf3 d4 29. Rd2 Rc4 30. b3 Rc3+ 31. Ke2 g5 32. b4 h5 33. a4 Ke5 34. a5 Bc7 35. f4+ gxf4 36. gxf4+ Ke4 0-1

[Event "Scarborough Foundation 47th"]
[Site "Scarborough"]
[Date "2024.10.26"]
[Round "2.4"]
[White "Jardine, Kenneth"]
[Black "Brown, Stephanie"]
[Result "0-1"]
[WhiteElo "1523"]
[BlackElo "1457"]
[PlyCount "57"]
[EventDate "2024.10.25"]
[EventType "swiss"]
[EventRounds "5"]
[EventCountry "ENG"]
[SourceTitle "BritBase"]
[Source "John Saunders"]
[SourceDate "2025.02.10"]
[SourceVersion "1"]
[SourceVersionDate "2025.02.10"]
[SourceQuality "1"]

1. e4 c5 2. Nf3 g6 3. d4 cxd4 4. Qxd4 Nf6 5. e5 Nc6 6. Qc3 Ne4 7. Qc4 Qa5+ 8. Nc3 Nxc3 9. Qxc3 Qxc3+ 10. bxc3 Bg7 11. Bf4 d6 12. Bb5 Bd7 13. O-O-O dxe5 14. Bxe5 Nxe5 15. Nxe5 Bxb5 16. Rd5 Bxe5 17. Rxb5 Bxc3 18. Rxb7 e6 19. Rd1 O-O 20. Rdd7 a5 21. Rbc7 Bb4 22. c3 Ba3+ 23. Kc2 Rab8 24. Rb7 Rxb7 25. Rxb7 Bc5 26. Rb5 Bxf2 27. Rxa5 Rc8 28. Ra3 Rc7 29. Kb3 0-1

[Event "Scarborough Foundation 47th"]
[Site "Scarborough"]
[Date "2024.10.26"]
[Round "2.5"]
[White "Tunnacliffe, Alan"]
[Black "Carling, Scott J"]
[Result "1-0"]
[WhiteElo "1517"]
[BlackElo "1447"]
[PlyCount "61"]
[EventDate "2024.10.25"]
[EventType "swiss"]
[EventRounds "5"]
[EventCountry "ENG"]
[SourceTitle "BritBase"]
[Source "John Saunders"]
[SourceDate "2025.02.10"]
[SourceVersion "1"]
[SourceVersionDate "2025.02.10"]
[SourceQuality "1"]

1. e4 c6 2. d4 d5 3. exd5 cxd5 4. Bd3 Nf6 5. c3 Bg4 6. Qb3 b6 7. h3 Bh5 8. Bb5+ Nbd7 9. Bc6 Rc8 10. Bxd5 e6 11. Bf3 Bd6 12. Bg5 Bxf3 13. Nxf3 h6 14. Bd2 O-O 15. O-O Qc7 16. Na3 a6 17. Rfe1 Qc6 18. Ne5 Bxe5 19. dxe5 Ne4 20. Qc2 Nxd2 21. Qxd2 Rfd8 22. Qe2 Nc5 23. Nc2 Qa4 24. Nd4 Nd7 25. Qf3 Rc5 26. Qg3 f6 27. Nxe6 Kf7 28. Nxd8+ Kf8 29. exf6 Nxf6 30. Ne6+ Kf7 31. Qxg7+ 1-0

[Event "Scarborough Foundation 47th"]
[Site "Scarborough"]
[Date "2024.10.26"]
[Round "2.7"]
[White "Stoneham, Brendan"]
[Black "Kennedy, Liam"]
[Result "0-1"]
[WhiteElo "1515"]
[BlackElo "1419"]
[PlyCount "92"]
[EventDate "2024.10.25"]
[EventType "swiss"]
[EventRounds "5"]
[EventCountry "ENG"]
[SourceTitle "BritBase"]
[Source "John Saunders"]
[SourceDate "2025.02.10"]
[SourceVersion "1"]
[SourceVersionDate "2025.02.10"]
[SourceQuality "1"]

1. e4 c6 2. d4 d5 3. e5 c5 4. Bb5+ Bd7 5. Bxd7+ Qxd7 6. dxc5 Nc6 7. Nf3 e6 8. Be3 Nge7 9. O-O Ng6 10. Qe2 Ncxe5 11. Nxe5 Nxe5 12. f4 Nc6 13. f5 e5 14. f6 d4 15. Bf4 gxf6 16. Bc1 Bxc5 17. Qc4 Be7 18. Nd2 Qg4 19. Nf3 Rg8 20. Ng5 Rxg5 21. Bxg5 Qxg5 22. Rae1 O-O-O 23. Qxf7 Rg8 24. Qe6+ Kc7 25. g3 h5 26. Qb3 h4 27. Qd3 hxg3 28. h3 Rh8 29. Kg2 Rg8 30. Rf3 a6 31. Rxg3 Qxg3+ 32. Qxg3 Rxg3+ 33. Kxg3 Kd6 34. Kg4 Ke6 35. Kh5 f5 36. Kg6 e4 37. a3 Ke5 38. Rh1 e3 39. h4 f4 40. h5 Bf6 41. h6 Ne7+ 42. Kf7 Nf5 43. h7 Nd6+ 44. Kf8 e2 45. Rh6 e1=Q 46. Rxf6 Qh4 0-1

[Event "Scarborough Foundation 47th"]
[Site "Scarborough"]
[Date "2024.10.26"]
[Round "2.8"]
[White "Johnson, Ian"]
[Black "Johnson, Stanley"]
[Result "1/2-1/2"]
[WhiteElo "1510"]
[BlackElo "1415"]
[PlyCount "73"]
[EventDate "2024.10.25"]
[EventType "swiss"]
[EventRounds "5"]
[EventCountry "ENG"]
[SourceTitle "BritBase"]
[Source "John Saunders"]
[SourceDate "2025.02.10"]
[SourceVersion "1"]
[SourceVersionDate "2025.02.10"]
[SourceQuality "1"]

1. e4 d5 2. exd5 Nf6 3. c4 c6 4. dxc6 Nxc6 5. Nf3 Bf5 6. d4 e6 7. Nc3 Bb4 8. a3 Qa5 9. Bd2 Bxc3 10. Bxc3 Qc7 11. Be2 O-O 12. O-O Ne4 13. Bd3 Nxc3 14. bxc3 Bg4 15. Be2 Bf5 16. Re1 Qa5 17. Qb3 Qc7 18. Rad1 Rac8 19. c5 Na5 20. Qb4 Bc2 21. Rc1 Bb3 22. Rb1 Bd5 23. c4 Bc6 24. Ne5 Be4 25. Bd3 Nc6 26. Qc3 Bxd3 27. Qxd3 Nxe5 28. Rxe5 Rfd8 29. Qe4 Qd7 30. Rxb7 Qxd4 31. Qxd4 Rxd4 32. g3 a5 33. Ra7 Rxc4 34. Rxa5 Kf8 35. f4 Ke7 36. f5 Kf6 37. Re2 1/2-1/2

[Event "Scarborough Foundation 47th"]
[Site "Scarborough"]
[Date "2024.10.26"]
[Round "2.9"]
[White "Kundan Khan, Sara"]
[Black "Rozman, Scarlett"]
[Result "1-0"]
[WhiteElo "1507"]
[BlackElo "1413"]
[PlyCount "57"]
[EventDate "2024.10.25"]
[EventType "swiss"]
[EventRounds "5"]
[EventCountry "ENG"]
[SourceTitle "BritBase"]
[Source "John Saunders"]
[SourceDate "2025.02.10"]
[SourceVersion "1"]
[SourceVersionDate "2025.02.10"]
[SourceQuality "1"]

1. e4 d5 2. exd5 Nf6 3. d4 Bg4 4. Be2 Bxe2 5. Qxe2 Qxd5 6. Nf3 Nc6 7. Nc3 Qh5 8. Be3 O-O-O 9. O-O-O e6 10. Ne5 Qxe2 11. Nxe2 Nxe5 12. dxe5 Nd5 13. Bg5 Rd7 14. Rd2 h6 15. Bh4 g5 16. Bg3 Bg7 17. Rhd1 Rhd8 18. h4 g4 19. Nf4 Bxe5 20. Nxd5 Rxd5 21. Bxe5 Rxd2 22. Rxd2 Rxd2 23. Kxd2 h5 24. Ke3 Kd7 25. Kf4 Kc6 26. Kg5 Kd5 27. Bxc7 f5 28. Kxh5 Ke4 29. Kg5 1-0

[Event "Scarborough Foundation 47th"]
[Site "Scarborough"]
[Date "2024.10.26"]
[Round "2.10"]
[White "Scorer, David M"]
[Black "Wilson, Daniel"]
[Result "0-1"]
[WhiteElo "1405"]
[BlackElo "1503"]
[PlyCount "64"]
[EventDate "2024.10.25"]
[EventType "swiss"]
[EventRounds "5"]
[EventCountry "ENG"]
[SourceTitle "BritBase"]
[Source "John Saunders"]
[SourceDate "2025.02.10"]
[SourceVersion "1"]
[SourceVersionDate "2025.02.10"]
[SourceQuality "1"]

1. Nf3 d5 2. d4 Nf6 3. Bf4 Bf5 4. e3 e6 5. Bd3 Bxd3 6. Qxd3 c6 7. Nbd2 Bd6 8. Bxd6 Qxd6 9. c3 Nbd7 10. O-O e5 11. dxe5 Nxe5 12. Nxe5 Qxe5 13. Nf3 Qe7 14. Rad1 Rd8 15. Qc2 O-O 16. Nd4 g6 17. h3 Ne4 18. Nf3 f5 19. Qb3 Nd6 20. Rfe1 Rde8 21. Kf1 h6 22. Rd3 Qf7 23. Red1 Ne4 24. Rd4 b5 25. Qc2 Qe6 26. Nd2 Nd6 27. Nb3 Nc4 28. Nd2 Nd6 29. Nf3 Qe7 30. b4 Rf7 31. Qd3 Nc4 32. Nd2 Nb2 0-1

[Event "Scarborough Foundation 47th"]
[Site "Scarborough"]
[Date "2024.10.26"]
[Round "2.11"]
[White "Springett, Michael"]
[Black "Palmer, Ian"]
[Result "1-0"]
[WhiteElo "1495"]
[BlackElo "1373"]
[PlyCount "58"]
[EventDate "2024.10.25"]
[EventType "swiss"]
[EventRounds "5"]
[EventCountry "ENG"]
[SourceTitle "BritBase"]
[Source "John Saunders"]
[SourceDate "2025.02.10"]
[SourceVersion "1"]
[SourceVersionDate "2025.02.10"]
[SourceQuality "1"]

1. e4 e5 2. Nf3 Nc6 3. d4 exd4 4. Nxd4 Nxd4 5. Qxd4 a6 6. Bc4 Nf6 7. O-O h6 8. Nc3 Bb4 9. Nd5 Nxd5 10. Bxd5 O-O 11. Qxb4 d6 12. Be3 c6 13. Bb3 a5 14. Qd4 c5 15. Qd5 Rb8 16. Rad1 b5 17. Bxc5 Rb7 18. Qxd6 Rd7 19. Qxf8+ Qxf8 20. Bxf8 Kxf8 21. Rxd7 Bxd7 22. Rd1 Ke7 23. Rxd7+ Kxd7 24. Bxf7 Kd6 25. f4 Ke7 26. Bd5 Kd6 27. Kf2 b4 28. Ke3 g5 29. fxg5 hxg5 1-0

[Event "Scarborough Foundation 47th"]
[Site "Scarborough"]
[Date "2024.10.26"]
[Round "2.12"]
[White "Hicks, Noah"]
[Black "Singh, Amandeep"]
[Result "0-1"]
[WhiteElo "1292"]
[BlackElo "1488"]
[PlyCount "90"]
[EventDate "2024.10.25"]
[EventType "swiss"]
[EventRounds "5"]
[EventCountry "ENG"]
[SourceTitle "BritBase"]
[Source "John Saunders"]
[SourceDate "2025.02.10"]
[SourceVersion "1"]
[SourceVersionDate "2025.02.10"]
[SourceQuality "1"]

1. d4 Nf6 2. Bf4 g6 3. Nf3 Bg7 4. Nc3 d6 5. e4 O-O 6. Qd2 Re8 7. Bh6 Bh8 8. h4 Ng4 9. h5 Nxh6 10. Qxh6 Bg7 11. Qe3 e5 12. d5 c6 13. hxg6 fxg6 14. O-O-O c5 15. Ng5 h6 16. Nf3 a6 17. Bd3 b5 18. Rh2 b4 19. Nb1 a5 20. Rdh1 a4 21. Rxh6 Bxh6 22. Qxh6 Qf6 23. Bb5 Re7 24. Ng5 Qg7 25. Qh4 a3 26. b3 Nd7 27. Nd2 Nf6 28. Nc4 Ne8 29. Bxe8 Rxe8 30. Nxd6 Re7 31. Ndf7 Rb8 32. Qg3 Rxf7 33. Nxf7 Kxf7 34. Qf3+ Kg8 35. d6 Bd7 36. Kd1 Rf8 37. Qd3 Rxf2 38. Qd5+ Rf7 39. Qa8+ Qf8 40. Qd5 Bg4+ 41. Kc1 Qg7 42. Qa8+ Rf8 43. Qd5+ Qf7 44. Qxe5 Qf4+ 45. Qxf4 Rxf4 0-1

[Event "Scarborough Foundation 47th"]
[Site "Scarborough"]
[Date "2024.10.26"]
[Round "2.13"]
[White "Farrow, Ian"]
[Black "Chadwick, Donna"]
[Result "1/2-1/2"]
[WhiteElo "1483"]
[BlackElo "1187"]
[PlyCount "70"]
[EventDate "2024.10.25"]
[EventType "swiss"]
[EventRounds "5"]
[EventCountry "ENG"]
[SourceTitle "BritBase"]
[Source "John Saunders"]
[SourceDate "2025.02.10"]
[SourceVersion "1"]
[SourceVersionDate "2025.02.10"]
[SourceQuality "1"]

1. e4 c5 2. b4 cxb4 3. a3 Nc6 4. axb4 e5 5. c3 Nf6 6. Bd3 Be7 7. b5 Nb8 8. Ne2 O-O 9. O-O d6 10. c4 Nbd7 11. Nbc3 b6 12. Nd5 Nc5 13. Qc2 Bb7 14. Nec3 Nxd5 15. Nxd5 Bg5 16. Be2 Ne6 17. d3 Nd4 18. Qb2 Bxc1 19. Rfxc1 Nxe2+ 20. Qxe2 f5 21. f3 fxe4 22. fxe4 Kh8 23. Rf1 Bxd5 24. Rxf8+ Qxf8 25. cxd5 Qe8 26. Qb2 Qe7 27. Qc2 Qd7 28. Qc6 Qd8 29. Qb7 h6 30. Rxa7 Rxa7 31. Qxa7 Qg5 32. Qxb6 Qc1+ 33. Kf2 Qd2+ 34. Kf3 Qxd3+ 35. Qe3 Qxb5 1/2-1/2

[Event "Scarborough Foundation 47th"]
[Site "Scarborough"]
[Date "2024.10.26"]
[Round "2.14"]
[White "Fischer, Paul"]
[Black "Gartside, Jenny"]
[Result "1/2-1/2"]
[WhiteElo "1468"]
[BlackElo "1168"]
[PlyCount "97"]
[EventDate "2024.10.25"]
[EventType "swiss"]
[EventRounds "5"]
[EventCountry "ENG"]
[SourceTitle "BritBase"]
[Source "John Saunders"]
[SourceDate "2025.02.10"]
[SourceVersion "1"]
[SourceVersionDate "2025.02.10"]
[SourceQuality "1"]

1. e4 e6 2. d4 d5 3. Nc3 dxe4 4. Nxe4 Nd7 5. Nf3 Ngf6 6. Bg5 Be7 7. Bxf6 Nxf6 8. Nxf6+ Bxf6 9. Bd3 O-O 10. O-O b6 11. Re1 Bb7 12. Be4 Bxe4 13. Rxe4 Qd5 14. Re1 Rad8 15. c3 Rd7 16. Qe2 Rfd8 17. Qe4 c5 18. Qxd5 Rxd5 19. dxc5 Rxc5 20. Rad1 Rcd5 21. Rxd5 Rxd5 22. h3 Kf8 23. c4 Ra5 24. b4 Rxa2 25. b5 Ra1 26. Kf1 Rxe1+ 27. Nxe1 Ke7 28. Nd3 Kd6 29. f3 e5 30. g4 Be7 31. Kf2 f6 32. Kg3 Kc7 33. h4 Kb7 34. h5 a6 35. Kf2 axb5 36. cxb5 Kc7 37. Ke3 Kd6 38. Ke4 Ke6 39. f4 Bd6 40. f5+ Kf7 41. Kd5 Ke7 42. Nf2 Bc5 43. Ne4 Kd7 44. g5 Ke7 45. gxf6+ gxf6 46. Kc6 Bd4 47. Nd6 Kd8 48. Ne4 Ke7 49. Nd6 1/2-1/2

[Event "Scarborough Foundation 47th"]
[Site "Scarborough"]
[Date "2024.10.26"]
[Round "2.15"]
[White "Butler, Rene"]
[Black "Smith, Alan"]
[Result "1-0"]
[WhiteElo "1462"]
[BlackElo "1066"]
[PlyCount "73"]
[EventDate "2024.10.25"]
[EventType "swiss"]
[EventRounds "5"]
[EventCountry "ENG"]
[SourceTitle "BritBase"]
[Source "John Saunders"]
[SourceDate "2025.02.10"]
[SourceVersion "1"]
[SourceVersionDate "2025.02.10"]
[SourceQuality "1"]

1. b4 d5 2. Bb2 Nf6 3. a3 g6 4. e3 Bg7 5. c4 c6 6. Nf3 O-O 7. d4 Bg4 8. Nbd2 Nbd7 9. h3 Bf5 10. cxd5 Nxd5 11. e4 Bxe4 12. Nxe4 N7f6 13. Nxf6+ exf6 14. g3 Qe7+ 15. Qe2 Rfe8 16. Qxe7 Rxe7+ 17. Kd1 Rae8 18. Kc2 f5 19. Bd3 f4 20. g4 Nc7 21. Rhe1 Rd7 22. Rxe8+ Nxe8 23. Re1 Nc7 24. g5 Ne6 25. Re4 Rd5 26. Bc4 Nxg5 27. Re8+ Bf8 28. Bxd5 Nxh3 29. Bb3 Nxf2 30. d5 h5 31. d6 Ng4 32. d7 Nf6 33. Bxf6 h4 34. Bxh4 g5 35. Rxf8+ Kg7 36. Rxf7+ Kg8 37. d8=R# 1-0

[Event "Scarborough Foundation 47th"]
[Site "Scarborough"]
[Date "2024.10.26"]
[Round "2.16"]
[White "Sutton, Ronnie"]
[Black "Barker, Ian"]
[Result "0-1"]
[WhiteElo "1039"]
[BlackElo "1545"]
[PlyCount "116"]
[EventDate "2024.10.25"]
[EventType "swiss"]
[EventRounds "5"]
[EventCountry "ENG"]
[SourceTitle "BritBase"]
[Source "John Saunders"]
[SourceDate "2025.02.10"]
[SourceVersion "1"]
[SourceVersionDate "2025.02.10"]
[SourceQuality "1"]

1. e4 c5 2. b4 d6 3. d4 cxd4 4. Bc4 e5 5. Bb2 Nf6 6. Nd2 Be7 7. h3 O-O 8. Ne2 a6 9. Bb3 b5 10. O-O Bb7 11. f3 d5 12. Ng3 Bxb4 13. Re1 dxe4 14. fxe4 Qb6 15. Kh2 Nc6 16. Re2 Na5 17. a3 Bxd2 18. Qxd2 Nxb3 19. cxb3 Rac8 20. Rc1 Rxc1 21. Bxc1 Rc8 22. Bb2 Nd7 23. b4 Qg6 24. Qd3 Nb6 25. Rc2 Rxc2 26. Qxc2 Qc6 27. Qxc6 Bxc6 28. Bc1 Nc4 29. Kg1 Nd6 30. Kf2 Nxe4+ 31. Nxe4 Bxe4 32. g4 g6 33. Bg5 Kg7 34. Bd2 f5 35. gxf5 gxf5 36. Kg3 Bd5 37. Bc1 Kf6 38. h4 h5 39. Bb2 Ke6 40. Bc1 Bc4 41. Bd2 Kd5 42. Kf3 Bd3 43. Bc1 e4+ 44. Kf4 Ke6 45. Bd2 Be2 46. Bc1 e3 47. Bxe3 dxe3 48. Kxe3 Bc4 49. Kf4 Kf6 50. Kf3 Ke5 51. Ke3 Bd5 52. Kf2 Kf4 53. Ke2 Kg3 54. Ke3 Kxh4 55. Kf4 Be6 56. Kf3 Kg5 57. Kg3 f4+ 58. Kf2 Kg4 0-1

[Event "Scarborough Foundation 47th"]
[Site "Scarborough"]
[Date "2024.10.26"]
[Round "2.17"]
[White "Coleman, Daniel"]
[Black "Singer, Matthew"]
[Result "1-0"]
[WhiteElo "1532"]
[BlackElo "1324"]
[PlyCount "55"]
[EventDate "2024.10.25"]
[EventType "swiss"]
[EventRounds "5"]
[EventCountry "ENG"]
[SourceTitle "BritBase"]
[Source "John Saunders"]
[SourceDate "2025.02.10"]
[SourceVersion "1"]
[SourceVersionDate "2025.02.10"]
[SourceQuality "1"]

1. d4 Nf6 2. Nc3 g6 3. Bf4 Bg7 4. e4 d6 5. Be2 Bd7 6. Qd2 e5 7. dxe5 dxe5 8. Bxe5 Nc6 9. Bf4 h5 10. Nf3 Qe7 11. e5 Ng4 12. Nd5 Qd8 13. e6 fxe6 14. Nxc7+ Kf7 15. Nxa8 Bxb2 16. Rb1 Qf6 17. Qxd7+ Kg8 18. O-O Qxf4 19. Rxb2 Nce5 20. Qxe6+ Kg7 21. Rxb7+ Kh6 22. Rd1 Nxf3+ 23. Bxf3 Qxh2+ 24. Kf1 Rf8 25. Bxg4 Qh1+ 26. Ke2 Qxg2 27. Qe3+ g5 28. Rd6+ 1-0

[Event "Scarborough Foundation 47th"]
[Site "Scarborough"]
[Date "2024.10.26"]
[Round "2.18"]
[White "Greenaway, Terence V"]
[Black "Hare, Chris"]
[Result "0-1"]
[WhiteElo "1527"]
[BlackElo "1340"]
[PlyCount "118"]
[EventDate "2024.10.25"]
[EventType "swiss"]
[EventRounds "5"]
[EventCountry "ENG"]
[SourceTitle "BritBase"]
[Source "John Saunders"]
[SourceDate "2025.02.10"]
[SourceVersion "1"]
[SourceVersionDate "2025.02.10"]
[SourceQuality "1"]

1. c4 Nf6 2. Nc3 g6 3. g3 Bg7 4. Bg2 O-O 5. Rb1 c5 6. a3 d6 7. b4 Qc7 8. b5 Nbd7 9. a4 Rb8 10. Bb2 b6 11. Nf3 Bb7 12. O-O e5 13. d3 d5 14. cxd5 Nxd5 15. Nxd5 Bxd5 16. e4 Bb7 17. Ne1 Rbd8 18. Rc1 Nf6 19. Qe2 Rd7 20. Bc3 Rfd8 21. Bd2 Rd4 22. Rc4 Ne8 23. Be3 R4d7 24. Rc2 a6 25. Rd2 axb5 26. axb5 Nd6 27. Rb2 Ra8 28. Qc2 f5 29. f3 Rc8 30. Bc1 c4 31. dxc4 Qxc4 32. Qxc4+ Rxc4 33. Be3 Rc3 34. Bd2 Rc5 35. Rb1 Rxb5 36. Nc2 Rxb1 37. Rxb1 fxe4 38. fxe4 Bxe4 39. Bxe4 Nxe4 40. Be3 Rb7 41. Rxb6 Rxb6 42. Bxb6 Kf7 43. Ne3 Ke6 44. Kg2 Bf8 45. Bd8 Be7 46. Ba5 Bc5 47. Nd1 Nf6 48. Be1 Kf5 49. Bc3 e4 50. Bxf6 Kxf6 51. Nc3 Ke5 52. Ne2 g5 53. g4 Kd5 54. Kf1 Kc4 55. Ke1 Kd3 56. h3 Ke3 57. Ng1 Kf4 58. Ne2+ Kf3 59. Kf1 Bb4 0-1

[Event "Scarborough Foundation 47th"]
[Site "Scarborough"]
[Date "2024.10.26"]
[Round "2.19"]
[White "Kilmartin, David"]
[Black "Kluckova, Alzbeta"]
[Result "0-1"]
[WhiteElo "1505"]
[BlackElo "1295"]
[PlyCount "93"]
[EventDate "2024.10.25"]
[EventType "swiss"]
[EventRounds "5"]
[EventCountry "ENG"]
[SourceTitle "BritBase"]
[Source "John Saunders"]
[SourceDate "2025.02.10"]
[SourceVersion "1"]
[SourceVersionDate "2025.02.10"]
[SourceQuality "1"]

1. d4 d5 2. Nf3 Nc6 3. e3 e6 4. Bb5 Bd7 5. Nbd2 Bd6 6. Bxc6 Bxc6 7. O-O Nf6 8. c4 dxc4 9. Nxc4 Bd5 10. Nxd6+ cxd6 11. b3 O-O 12. Bb2 Ne4 13. Rc1 Rc8 14. Qe2 Ng5 15. Nxg5 Qxg5 16. e4 Bc6 17. Rfd1 Bb5 18. Qf3 Bc6 19. Rc2 Qg6 20. Re1 d5 21. Rec1 Qxe4 22. Qxe4 dxe4 23. Kf1 Bd7 24. Ke2 Rxc2+ 25. Rxc2 Rc8 26. Rxc8+ Bxc8 27. Ke3 f5 28. Kf4 Kf7 29. Kg5 h6+ 30. Kh5 Bd7 31. Kh4 Kg8 32. Kg3 g5 33. f3 exf3 34. Kxf3 Kf7 35. g3 Kg6 36. h3 Bc6+ 37. Kf2 h5 38. h4 gxh4 39. gxh4 f4 40. Bc1 Kf5 41. Bb2 Kg4 42. Ba3 Kxh4 43. Be7+ Kg4 44. Bf6 h4 45. Kg1 h3 46. Kh2 f3 47. Be5 0-1

[Event "Scarborough Foundation 47th"]
[Site "Scarborough"]
[Date "2024.10.26"]
[Round "2.21"]
[White "Galloway, Peter"]
[Black "Ramanathan, Vaidy"]
[Result "1-0"]
[WhiteElo "1481"]
[BlackElo "1164"]
[PlyCount "78"]
[EventDate "2024.10.25"]
[EventType "swiss"]
[EventRounds "5"]
[EventCountry "ENG"]
[SourceTitle "BritBase"]
[Source "John Saunders"]
[SourceDate "2025.02.10"]
[SourceVersion "1"]
[SourceVersionDate "2025.02.10"]
[SourceQuality "1"]

1. e4 e6 2. Nf3 g6 3. d4 b6 4. Bg5 Ne7 5. Bf6 Rg8 6. Bc4 Bg7 7. Bxg7 Rxg7 8. Nc3 Bb7 9. Qd2 c6 10. O-O-O d5 11. exd5 cxd5 12. Bd3 Nd7 13. Rhe1 a6 14. Qh6 Kf8 15. Ng5 Nf6 16. f3 Nf5 17. Bxf5 gxf5 18. h4 b5 19. Rxe6 fxe6 20. Nxe6+ Kf7 21. Nxd8+ Rxd8 22. Qd2 b4 23. Na4 a5 24. b3 Bc6 25. Nc5 Ra8 26. Nd3 Kg8 27. Ne5 Bd7 28. Nxd7 Rxd7 29. Qg5+ Kf7 30. Qxf5 a4 31. Kb2 axb3 32. cxb3 Re7 33. Rd2 Re3 34. g4 h6 35. g5 hxg5 36. hxg5 Ra6 37. gxf6 Rxf6 38. Qxd5+ Kg6 39. Rg2+ Kh6 1-0

[Event "Scarborough Foundation 47th"]
[Site "Scarborough"]
[Date "2024.10.26"]
[Round "2.22"]
[White "Kalmar, Henrik"]
[Black "Haydock, Mark"]
[Result "1-0"]
[WhiteElo "1474"]
[BlackElo "1186"]
[PlyCount "77"]
[EventDate "2024.10.25"]
[EventType "swiss"]
[EventRounds "5"]
[EventCountry "ENG"]
[SourceTitle "BritBase"]
[Source "John Saunders"]
[SourceDate "2025.02.10"]
[SourceVersion "1"]
[SourceVersionDate "2025.02.10"]
[SourceQuality "1"]

1. c4 g6 2. Nc3 Bg7 3. g3 Nf6 4. Bg2 c6 5. Nf3 O-O 6. O-O d6 7. d3 Nbd7 8. Rb1 d5 9. cxd5 cxd5 10. Bg5 Nb6 11. Bxf6 Bxf6 12. d4 Bf5 13. Rc1 Qc8 14. Nxd5 Qd7 15. Nxf6+ exf6 16. e3 Be4 17. Qb3 Qe6 18. Qxe6 fxe6 19. Nd2 Bxg2 20. Kxg2 h5 21. Rc7 Rf7 22. Rfc1 Rxc7 23. Rxc7 Nd5 24. Rxb7 a5 25. a3 g5 26. e4 Ne3+ 27. fxe3 g4 28. Nb3 e5 29. d5 Kf8 30. Nc5 Ke8 31. Ne6 Rc8 32. Rc7 Rb8 33. d6 Rxb2+ 34. Kf1 Rb1+ 35. Ke2 Rb2+ 36. Kd1 Rxh2 37. d7+ Ke7 38. d8=Q+ Kxe6 39. Qd7# 1-0

[Event "Scarborough Foundation 47th"]
[Site "Scarborough"]
[Date "2024.10.26"]
[Round "2.25"]
[White "Handa, Anant"]
[Black "Smart, A David"]
[Result "0-1"]
[WhiteElo "1303"]
[BlackElo "1547"]
[PlyCount "88"]
[EventDate "2024.10.25"]
[EventType "swiss"]
[EventRounds "5"]
[EventCountry "ENG"]
[SourceTitle "BritBase"]
[Source "John Saunders"]
[SourceDate "2025.02.10"]
[SourceVersion "1"]
[SourceVersionDate "2025.02.10"]
[SourceQuality "1"]

1. Nf3 d5 2. d4 Nf6 3. g3 g6 4. Bg2 Bg7 5. O-O c6 6. Nc3 Bf5 7. Bf4 O-O 8. Re1 Nbd7 9. e4 Nxe4 10. Nxe4 Bxe4 11. c4 Bxf3 12. Bxf3 dxc4 13. Bg5 Nf6 14. Qc2 Qa5 15. Bd2 Qd8 16. Qxc4 Re8 17. Rad1 Nd5 18. h4 e6 19. h5 Nb6 20. Qb3 Qxd4 21. Bc3 Qc4 22. Bxg7 Qxb3 23. axb3 Kxg7 24. hxg6 hxg6 25. Re4 Rad8 26. Rde1 Rd3 27. Bg2 Rxb3 28. R1e2 Rd3 29. Rg4 Nd5 30. f4 Ne3 31. Rh4 Nxg2 32. Rxg2 Red8 33. Rgh2 Rd1+ 34. Kg2 R1d2+ 35. Kf3 Rxh2 36. Rxh2 f5 37. Re2 Rd3+ 38. Kf2 Kf6 39. Re5 Rd2+ 40. Re2 Rxe2+ 41. Kxe2 e5 42. Ke3 exf4+ 43. Kxf4 g5+ 44. Ke3 Ke5 0-1

[Event "Scarborough Foundation 47th"]
[Site "Scarborough"]
[Date "2024.10.26"]
[Round "2.26"]
[White "Singh, Adamjeet"]
[Black "Fairfield, Connor"]
[Result "1-0"]
[WhiteElo "1541"]
[BlackElo "1244"]
[PlyCount "79"]
[EventDate "2024.10.25"]
[EventType "swiss"]
[EventRounds "5"]
[EventCountry "ENG"]
[SourceTitle "BritBase"]
[Source "John Saunders"]
[SourceDate "2025.02.10"]
[SourceVersion "1"]
[SourceVersionDate "2025.02.10"]
[SourceQuality "1"]

1. e4 e5 2. Nf3 Nf6 3. Nc3 d6 4. d4 Nc6 5. Bb5 Bd7 6. O-O a6 7. Be2 h6 8. h3 Be7 9. Be3 Nh5 10. d5 Nb8 11. Nxe5 dxe5 12. Bxh5 Bd6 13. Bg4 Bxg4 14. Qxg4 Nd7 15. Qxg7 Qf6 16. Qxf6 Nxf6 17. f3 O-O-O 18. Ne2 Nd7 19. Ng3 Bc5 20. Bxc5 Nxc5 21. Nf5 Rd7 22. a4 b6 23. a5 b5 24. b4 Na4 25. Rfc1 Nc3 26. Kf2 c6 27. Ra3 Na4 28. c4 Nb2 29. cxb5 axb5 30. Rxc6+ Rc7 31. Nd6+ Kb8 32. Rxc7 Kxc7 33. Nxf7 Rc8 34. Rc3+ Nc4 35. Nxe5 Kb7 36. Nxc4 bxc4 37. Ke3 Ka6 38. Kd4 Kb5 39. a6 Kxa6 40. Rxc4 1-0

[Event "Scarborough Foundation 47th"]
[Site "Scarborough"]
[Date "2024.10.26"]
[Round "2.27"]
[White "Todd, James"]
[Black "Gaffney, Ethan"]
[Result "0-1"]
[WhiteElo "1191"]
[BlackElo "1507"]
[PlyCount "29"]
[EventDate "2024.10.25"]
[EventType "swiss"]
[EventRounds "5"]
[EventCountry "ENG"]
[SourceTitle "BritBase"]
[Source "John Saunders"]
[SourceDate "2025.02.10"]
[SourceVersion "1"]
[SourceVersionDate "2025.02.10"]
[SourceQuality "1"]

1. e4 e5 2. Nf3 Nc6 3. c3 Nf6 4. d4 exd4 5. a4 Nxe4 6. cxd4 Bb4+ 7. Nc3 Nxc3 8. bxc3 Bxc3+ 9. Bd2 Bxa1 10. Be2 Qf6 11. Bg5 Bc3+ 12. Kf1 Qg6 13. g3 Nxd4 14. h4 Nxe2 15. Qxe2+ 0-1